[Event "World Blitz 2025"]
[Site "Doha QAT"]
[Date "2025.12.29"]
[Round "4.18"]
[White "Goutham Krishna H"]
[Black "Moussard, Jules"]
[Result "1-0"]
[WhiteTitle "IM"]
[BlackTitle "GM"]
[WhiteElo "2433"]
[BlackElo "2600"]
[WhiteFideId "25983504"]
[BlackFideId "642908"]
[EventDate "2025.12.29"]

1. b3 Nf6 2. Bb2 d5 3. Nf3 e6 4. e3 Be7 5. d4 O-O 6. c4 b6 7. Nc3 Bb7 8. Rc1 c5
9. cxd5 Nxd5 10. Nxd5 Bxd5 11. dxc5 Bxc5 12. Bc4 Bb4+ 13. Ke2 Be7 14. Bxd5 exd5
15. Qd3 Bf6 16. Bxf6 Qxf6 17. Rhd1 Nd7 18. Qxd5 Nc5 19. Qd4 Qg6 20. Kf1 Rfe8 21.
h3 h6 22. b4 Ne4 23. Kg1 Qe6 24. Qd5 Qf6 25. Rd4 Rad8 26. Qc6 Qf5 27. Qc2 Rc8
28. Rc4 Rxc4 29. Qxc4 a5 30. a3 axb4 31. axb4 Re6 32. Qc2 Re8 33. Qc6 Re6 34.
Qc2 Re8 35. Rd1 Qb5 36. Rd4 Nf6 37. Qd3 Qc6 38. Qc4 Qa8 39. Rd1 Qa4 40. Qd4 Re4
41. Qd8+ Re8 42. Qd2 Ne4 43. Qd4 Nf6 44. Rb1 Qc2 45. Qd1 Qc4 46. Qc1 Qa2 47. Qb2
Qc4 48. Rc1 Qe4 49. b5 Rd8 50. Qb3 Rd5 51. Qb1 Qe8 52. Nd4 Qd7 53. Rc6 Rd6 54.
Qc2 g6 55. Qa4 Nd5 56. Qc4 Ne7 57. Rc7 Qd8 58. Rb7 Nd5 59. Nc6 Qf6 60. Qd4 Qxd4
61. Nxd4 Nc3 62. Rc7 Rxd4 63. exd4 Ne2+ 64. Kf1 Nxd4 65. Rb7 Nxb5 66. Rxb6 Nd4
67. Ra6 Kg7 68. Ke1 h5 69. Kd2 Nb3+ 70. Ke3 Nc5 71. Rc6 Ne6 72. Ke4 Kf6 73. Rb6
Ke7 74. Ke5 Nc5 75. Rc6 Nd3+ 76. Ke4 Nb4 77. Rb6 Nc2 78. Rb2 f5+ 79. Ke5 Ne1 80.
Rb7+ Ke8 81. Kf6 Nxg2 82. Kxg6 Nf4+ 1-0

[Event "World Blitz 2025"]
[Site "Doha QAT"]
[Date "2025.12.29"]
[Round "4.19"]
[White "Pichot, Alan"]
[Black "Lobanov, Sergei"]
[Result "1-0"]
[WhiteTitle "GM"]
[BlackTitle "GM"]
[WhiteElo "2597"]
[BlackElo "2527"]
[WhiteFideId "110973"]
[BlackFideId "24183750"]
[EventDate "2025.12.29"]

1. e4 e5 2. Nf3 Nc6 3. Bc4 Bc5 4. O-O Nf6 5. d3 d6 6. c3 a5 7. h3 O-O 8. Re1 Be6
9. Bb5 Ba7 10. Nbd2 Ne7 11. d4 Ng6 12. Ba4 c6 13. Bc2 Qd7 14. Nf1 exd4 15. Nxd4
d5 16. e5 Ne4 17. f3 Nc5 18. f4 Ne4 19. Be3 f6 20. Bxe4 dxe4 21. Nxe6 Qxe6 22.
Bxa7 Rxa7 23. Qd4 Raa8 24. exf6 Qxf6 25. Qxf6 Rxf6 26. g3 Re8 27. Re2 h5 28. h4
Rf7 29. Rae1 Rfe7 30. Nd2 Rd8 31. Nxe4 Rde8 32. Kf2 Kf8 33. Kf3 Rd8 34. Nc5 Rd5
35. Rxe7 Nxe7 36. Nxb7 Nf5 37. Re5 Rxe5 38. fxe5 a4 39. Nc5 1-0

[Event "World Blitz 2025"]
[Site "Doha QAT"]
[Date "2025.12.29"]
[Round "4.20"]
[White "Abdusattorov, Nodirbek"]
[Black "Dau Khuong Duy"]
[Result "1-0"]
[WhiteTitle "GM"]
[BlackTitle "IM"]
[WhiteElo "2732"]
[BlackElo "2489"]
[WhiteFideId "14204118"]
[BlackFideId "12424722"]
[EventDate "2025.12.29"]

1. e4 c5 2. Nf3 e6 3. d4 cxd4 4. Nxd4 a6 5. c4 Nf6 6. Nc3 Qc7 7. a3 Be7 8. Be2
b6 9. Be3 Bb7 10. f3 d6 11. Rc1 Nbd7 12. Qd2 O-O 13. g4 Rfc8 14. g5 Ne8 15. h4
Qd8 16. h5 g6 17. hxg6 hxg6 18. f4 Bf8 19. Bg4 Nc5 20. b4 Nxe4 21. Qh2 Bg7 22.
Nxe6 fxe6 23. Bxe6+ Kf8 24. Qh7 N8f6 25. gxf6 Qxf6 26. Qg8+ Ke7 27. Bxc8 Rxc8
28. Nd5+ Bxd5 29. Qxc8 Be6 30. Qb7+ 1-0

[Event "World Blitz 2025"]
[Site "Doha QAT"]
[Date "2025.12.29"]
[Round "4.21"]
[White "Duda, Jan-Krzysztof"]
[Black "Warmerdam, Max"]
[Result "1/2-1/2"]
[WhiteTitle "GM"]
[BlackTitle "GM"]
[WhiteElo "2729"]
[BlackElo "2573"]
[WhiteFideId "1170546"]
[BlackFideId "1048104"]
[EventDate "2025.12.29"]

1. Nf3 Nf6 2. c4 e6 3. g3 d5 4. Bg2 d4 5. O-O c5 6. e3 Nc6 7. exd4 cxd4 8. d3 h6
9. Bf4 Nd7 10. Re1 Bb4 11. Re2 a5 12. Na3 Bxa3 13. bxa3 O-O 14. Bd6 Re8 15. Rb1
Nf6 16. Be5 Nxe5 17. Nxe5 Qc7 18. f4 Nd7 19. Nxd7 Qxd7 20. Re5 Qc7 21. Qh5 Qd6
22. Rxa5 Rxa5 23. Qxa5 e5 24. Re1 Bf5 25. Rxe5 Rxe5 26. fxe5 Qe7 27. Qd5 Qxa3
28. h4 Qxd3 29. Kh2 Qe3 30. c5 d3 31. Qxb7 d2 32. Qd5 Qe2 33. e6 Bxe6 34. Qa8+
Kh7 35. Qe4+ Qxe4 36. Bxe4+ g6 37. Bf3 Bxa2 38. Bd1 Kg7 39. Kg2 Kf6 40. Kf2 Ke5
41. Ke3 Kd5 42. Kxd2 Kxc5 43. Ke3 Kd6 44. Kf4 f6 45. h5 gxh5 1/2-1/2

[Event "World Blitz 2025"]
[Site "Doha QAT"]
[Date "2025.12.29"]
[Round "4.22"]
[White "Pranesh, M"]
[Black "Vachier-Lagrave, Maxime"]
[Result "0-1"]
[WhiteTitle "GM"]
[BlackTitle "GM"]
[WhiteElo "2627"]
[BlackElo "2734"]
[WhiteFideId "35028600"]
[BlackFideId "623539"]
[EventDate "2025.12.29"]

1. e4 c5 2. Nc3 d6 3. f4 g6 4. Nf3 Bg7 5. Bb5+ Bd7 6. Bc4 Nc6 7. d3 e6 8. f5 Nf6
9. fxe6 Bxe6 10. Bb5 O-O 11. Bxc6 bxc6 12. O-O Rb8 13. Rb1 Ng4 14. Bf4 f5 15.
Qd2 Qd7 16. h3 Ne5 17. Nxe5 dxe5 18. exf5 exf4 19. fxe6 Qxe6 20. b3 f3 21. Ne4
Bd4+ 22. Kh1 Rbd8 23. Rbe1 fxg2+ 24. Qxg2 Qd5 25. Qg4 Kg7 26. Kg2 Rde8 27. a4 h5
28. Qg3 Kh6 29. Kh1 Rf5 30. Rf3 Ref8 31. Ref1 Qe6 32. Qg2 a5 33. Kh2 Qe5+ 34.
Kh1 Be3 35. Qe2 Rxf3 36. Rxf3 Qa1+ 0-1

[Event "World Blitz 2025"]
[Site "Doha QAT"]
[Date "2025.12.29"]
[Round "4.23"]
[White "Chigaev, Maksim"]
[Black "Andreikin, Dmitry"]
[Result "0-1"]
[WhiteTitle "GM"]
[BlackTitle "GM"]
[WhiteElo "2626"]
[BlackElo "2710"]
[WhiteFideId "4108116"]
[BlackFideId "4158814"]
[EventDate "2025.12.29"]

1. Nf3 d5 2. g3 g6 3. Bg2 Bg7 4. d4 c6 5. O-O Nf6 6. c4 O-O 7. a4 dxc4 8. a5 Na6
9. Nc3 Be6 10. e4 Bg4 11. Be3 e5 12. dxe5 Nd7 13. Qa4 Bxf3 14. Bxf3 Nxe5 15. Be2
b5 16. axb6 axb6 17. f4 b5 18. Qa5 Nd3 19. Qxd8 Rfxd8 20. e5 Nab4 21. Bb6 Rdb8
22. Bc7 Rc8 23. Rxa8 Rxa8 24. Bf3 Nxb2 25. Bd6 Bf8 26. Nxb5 cxb5 27. Bxa8 N4d3
28. Bc6 c3 29. Bxb5 c2 30. Bxd3 Nxd3 31. Bxf8 Kxf8 32. Kg2 c1=Q 33. Rxc1 Nxc1
34. Kf3 Ke7 35. g4 Nd3 36. Ke4 Nc5+ 37. Kd5 Nd7 38. h3 Nb6+ 39. Kc5 Nd7+ 40. Kd5
h6 41. f5 gxf5 42. gxf5 f6 43. e6 Nb6+ 44. Ke4 Nc4 45. Kf4 Nd6 46. Kg4 h5+ 47.
Kf4 Kf8 48. h4 Ke7 0-1

[Event "World Blitz 2025"]
[Site "Doha QAT"]
[Date "2025.12.29"]
[Round "4.24"]
[White "Sevian, Samuel"]
[Black "Bai, Jinshi"]
[Result "0-1"]
[WhiteTitle "GM"]
[BlackTitle "GM"]
[WhiteElo "2688"]
[BlackElo "2599"]
[WhiteFideId "2040506"]
[BlackFideId "8602280"]
[EventDate "2025.12.29"]

1. e4 c5 2. Nf3 e6 3. d4 cxd4 4. Bg5 Qa5+ 5. c3 Nc6 6. Bd3 Be7 7. Bd2 Qb6 8.
cxd4 Nxd4 9. Nxd4 Qxd4 10. Bc3 Bb4 11. O-O Bxc3 12. Nxc3 a6 13. Re1 Qe5 14. Nd5
Ne7 15. Nb6 Rb8 16. Nc4 Qf4 17. g3 Qc7 18. e5 O-O 19. Rc1 Nc6 20. Qh5 g6 21. Qh6
f5 22. h4 Qd8 23. h5 gxh5 24. Qxh5 Qe7 25. Bf1 b5 26. Nd6 Bb7 27. Bg2 Ba8 28.
Rcd1 Qg7 29. Qe2 Ne7 30. Bxa8 Rxa8 31. Rd3 Nd5 32. Rxd5 exd5 33. Qf3 Kh8 34.
Qxd5 f4 35. Kg2 fxg3 36. fxg3 Ra7 37. Rc1 Qg6 38. Qd4 Raa8 39. e6+ Qg7 40. Qxg7+
Kxg7 41. Rc7 Kf6 42. exd7 Ke7 43. Nb7 Rad8 44. Nxd8 Rxd8 45. Kh3 Rxd7 46. Rxd7+
Kxd7 47. Kg4 Ke6 48. Kg5 Ke5 49. b4 Ke4 50. g4 Kf3 51. Kh5 Kf4 52. g5 0-1

[Event "World Blitz 2025"]
[Site "Doha QAT"]
[Date "2025.12.29"]
[Round "4.25"]
[White "Yu, Yangyi"]
[Black "Peyrer, Konstantin"]
[Result "1-0"]
[WhiteTitle "GM"]
[BlackTitle "IM"]
[WhiteElo "2717"]
[BlackElo "2496"]
[WhiteFideId "8603820"]
[BlackFideId "1640879"]
[EventDate "2025.12.29"]

1. e4 e5 2. Nf3 Nc6 3. Bb5 a6 4. Ba4 Nf6 5. d3 d6 6. c3 g6 7. O-O Bg7 8. Re1 O-O
9. h3 h6 10. Be3 Bd7 11. Nbd2 Nh5 12. d4 b5 13. Bc2 Qe8 14. Nf1 f5 15. exf5 gxf5
16. dxe5 dxe5 17. Bc5 Rf7 18. Nxe5 Bxe5 19. Qxh5 Rf6 20. Qf3 Rd8 21. Rad1 Qg6
22. Be7 Nxe7 23. Rxe5 Nc8 24. Bxf5 Qg7 25. Rxd7 Rxd7 26. Re8+ 1-0

[Event "World Blitz 2025"]
[Site "Doha QAT"]
[Date "2025.12.29"]
[Round "4.26"]
[White "Akobian, Varuzhan"]
[Black "Praggnanandhaa, R"]
[Result "0-1"]
[WhiteTitle "GM"]
[BlackTitle "GM"]
[WhiteElo "2549"]
[BlackElo "2761"]
[WhiteFideId "13300580"]
[BlackFideId "25059530"]
[EventDate "2025.12.29"]

1. d4 Nf6 2. Nf3 e6 3. c4 Bb4+ 4. Bd2 Qe7 5. a3 Bxd2+ 6. Qxd2 O-O 7. Nc3 d6 8.
e3 e5 9. Be2 e4 10. Ng1 Bf5 11. Bd1 Nbd7 12. Nge2 Rfe8 13. b4 c6 14. O-O Nf8 15.
Bc2 h5 16. d5 h4 17. dxc6 bxc6 18. h3 Ng6 19. Rfd1 Red8 20. Nd4 Bd7 21. Rac1 a6
22. Nde2 Bf5 23. Nd4 Bd7 24. Nde2 Bc8 25. a4 d5 26. b5 axb5 27. axb5 cxb5 28.
Nxd5 Nxd5 29. cxd5 Bb7 30. d6 Qg5 31. Bb3 Ne5 32. Kh1 Nd3 33. Nf4 Rxd6 34. Qc2
Rf8 35. Kg1 Rf6 36. Qc7 Ba8 37. Ra1 Nxf4 38. exf4 Rxf4 39. Rd7 e3 40. Rxa8 exf2+
41. Kf1 Qxg2+ 42. Kxg2 f1=Q+ 0-1

[Event "World Blitz 2025"]
[Site "Doha QAT"]
[Date "2025.12.29"]
[Round "4.27"]
[White "Giri, Anish"]
[Black "Paravyan, David"]
[Result "1/2-1/2"]
[WhiteTitle "GM"]
[BlackTitle "GM"]
[WhiteElo "2760"]
[BlackElo "2582"]
[WhiteFideId "24116068"]
[BlackFideId "4194985"]
[EventDate "2025.12.29"]

1. c4 e5 2. g3 Nf6 3. Bg2 Bc5 4. d3 O-O 5. Nc3 Re8 6. Nf3 d5 7. cxd5 Nxd5 8. O-O
Nc6 9. Bg5 Nxc3 10. bxc3 Qd7 11. Qc2 h6 12. Bc1 Qe7 13. Nd2 Rb8 14. a4 Na5 15.
Ne4 Bd6 16. c4 b6 17. Bd2 Nc6 18. Nxd6 Qxd6 19. Bc3 a5 20. Rfc1 Bb7 21. Rab1 Nd4
22. Bxd4 Qxd4 23. e3 Qc5 24. Rb5 Qa3 25. Bxb7 Rxb7 26. c5 Rbb8 27. Qc4 Rbd8 28.
Rb3 Qa2 29. cxb6 cxb6 30. Rxb6 Qd2 31. Rb3 Re7 32. Qc2 Qxc2 33. Rxc2 Red7 34.
Rcc3 h5 35. Kf1 f6 36. Ke2 Rd5 37. Rb7 Kh7 38. Rcc7 Rxd3 39. Rxg7+ Kh6 40. Rh7+
Kg6 41. e4 Rd2+ 42. Kf3 Rg8 43. Rhc7 Rd4 44. Rb6 Rxa4 45. Rcc6 Rf8 46. Ra6 Ra3+
47. Kg2 Ra4 48. f3 Ra2+ 49. Kh3 Ra3 50. f4 exf4 51. e5 fxg3 52. hxg3 Re3 53.
exf6 Rf7 54. Rxa5 Rxf6 55. Rcc5 Rff3 56. Rg5+ Kf6 57. Rab5 Rb3 58. Rxb3 Rxb3 59.
Rxh5 Kg7 60. Ra5 Rb8 61. Ra7+ Kg8 62. Kh4 Rc8 63. g4 Rb8 64. g5 Rc8 65. Kh5 Rb8
66. Kh6 Rc8 67. g6 Rb8 68. Rg7+ Kh8 69. Rh7+ Kg8 70. Rf7 Ra8 71. Rf6 Rb8 72. Ra6
Rc8 73. Kg5 Rb8 74. Rf6 1/2-1/2

[Event "World Blitz 2025"]
[Site "Doha QAT"]
[Date "2025.12.29"]
[Round "4.28"]
[White "Nihal, Sarin"]
[Black "Nesterov, Arseniy"]
[Result "1-0"]
[WhiteTitle "GM"]
[BlackTitle "GM"]
[WhiteElo "2701"]
[BlackElo "2595"]
[WhiteFideId "25092340"]
[BlackFideId "24198455"]
[EventDate "2025.12.29"]

1. Nf3 d5 2. g3 c5 3. Bg2 Nc6 4. d4 e6 5. O-O cxd4 6. Nxd4 Bc5 7. Nb3 Bb6 8. e4
d4 9. c3 e5 10. cxd4 Nxd4 11. N1d2 Nf6 12. Nxd4 Qxd4 13. Qc2 O-O 14. Nc4 Be6 15.
Nxb6 Qxb6 16. Be3 Qa6 17. b3 Nd7 18. Rfd1 Rac8 19. Qb2 Rc6 20. Rd2 h6 21. Rad1
Nf6 22. Qxe5 Ng4 23. Qd4 Nxe3 24. Qxe3 Qa5 25. h3 Rc3 26. Qd4 Rfc8 27. e5 g6 28.
Bxb7 Rb8 29. Bg2 Rb5 30. Qf4 Rb8 31. Qf6 Rcc8 32. Bd5 Bxd5 33. Rxd5 Qb6 34. Rd6
Qc5 35. e6 Rf8 36. exf7+ Rxf7 37. Rd8+ 1-0

[Event "World Blitz 2025"]
[Site "Doha QAT"]
[Date "2025.12.29"]
[Round "4.29"]
[White "Nogerbek, Kazybek"]
[Black "Martirosyan, Haik M."]
[Result "1-0"]
[WhiteTitle "GM"]
[BlackTitle "GM"]
[WhiteElo "2539"]
[BlackElo "2625"]
[WhiteFideId "13710427"]
[BlackFideId "13306553"]
[EventDate "2025.12.29"]

1. e4 c5 2. c3 e6 3. Nf3 d5 4. exd5 Qxd5 5. d4 Nf6 6. Be2 Be7 7. O-O O-O 8. Qb3
Qd8 9. Bf4 Nbd7 10. Rd1 cxd4 11. Rxd4 Bc5 12. Rd1 Ne4 13. Rf1 Qf6 14. Bg3 Nxg3
15. hxg3 Qg6 16. Kh1 Nf6 17. Nbd2 Ng4 18. Kg1 Nf6 19. Qc4 Bb6 20. Qh4 Bc7 21.
Qg5 Qc2 22. Rab1 h6 23. Qe3 Bb6 24. Qd3 Qxd3 25. Bxd3 Rd8 26. Bc2 Bd7 27. Nc4
Bc5 28. a4 Bc6 29. Nfe5 Bd5 30. Rbd1 Rac8 31. Ne3 g6 32. Nxd5 Nxd5 33. Be4 Kg7
34. Bxd5 exd5 35. Nf3 Bb6 36. Rd3 Rc4 37. b3 Rc7 38. Rfd1 Rdc8 39. b4 Rxc3 40.
Rxc3 Rxc3 41. a5 Bc7 42. Rxd5 Kf6 43. Nd4 a6 44. Ne2 Rb3 45. Rd4 Be5 46. Rc4 Bd6
47. Nc3 Ke6 48. Re4+ Kd7 49. Nd5 Kc6 50. Rd4 h5 51. Kf1 Rb2 52. Ke1 g5 53. Kf1
Be5 54. Rd1 Bd6 55. Rd4 Bb8 56. Ne7+ Kb5 57. Rd5+ Kxb4 58. Rxg5 Ba7 59. Rf5 f6
60. Nd5+ Kc4 61. Nxf6 Kd3 62. Kg1 Bd4 63. Nxh5 Ra2 64. g4 Ke4 65. Ng3+ 1-0

[Event "World Blitz 2025"]
[Site "Doha QAT"]
[Date "2025.12.29"]
[Round "4.30"]
[White "Indjic, Aleksandar"]
[Black "Motylev, Alexander"]
[Result "1-0"]
[WhiteTitle "GM"]
[BlackTitle "GM"]
[WhiteElo "2635"]
[BlackElo "2573"]
[WhiteFideId "911925"]
[BlackFideId "4121830"]
[EventDate "2025.12.29"]

1. d4 d5 2. c4 e6 3. Nf3 Nf6 4. Nc3 Be7 5. Bg5 O-O 6. e3 h6 7. Bh4 c6 8. Qc2
Nbd7 9. a3 Ne8 10. Bg3 Nd6 11. cxd5 exd5 12. Bd3 Nf6 13. O-O Re8 14. h3 Nfe4 15.
Bxe4 Nxe4 16. Nxe4 dxe4 17. Nd2 Bf5 18. Nc4 Qd5 19. b4 Rad8 20. Rac1 h5 21. Qe2
h4 22. Bh2 Be6 23. Na5 Rd7 24. Rc2 Qg5 25. Kh1 Bd5 26. Rb1 Bf8 27. a4 Re6 28. b5
Rg6 29. Qf1 cxb5 30. axb5 Be6 31. Nc4 f6 32. Nd2 Qf5 33. Ra1 b6 34. Rac1 Kf7 35.
Rc7 Be7 36. Rxd7 Bxd7 37. Rc7 Bxb5 38. Qg1 Qe6 39. Rxa7 Be2 40. Qb1 b5 41. Qb4
Kf8 42. Rxe7 1-0

[Event "World Blitz 2025"]
[Site "Doha QAT"]
[Date "2025.12.29"]
[Round "4.31"]
[White "Henriquez Villagra, Cristobal"]
[Black "Grischuk, Alexander"]
[Result "0-1"]
[WhiteTitle "GM"]
[BlackTitle "GM"]
[WhiteElo "2598"]
[BlackElo "2654"]
[WhiteFideId "3409350"]
[BlackFideId "4126025"]
[EventDate "2025.12.29"]

1. e4 c5 2. Nf3 d6 3. d4 cxd4 4. Nxd4 Nf6 5. Nc3 a6 6. h3 e6 7. g4 b5 8. g5 Nfd7
9. a3 Bb7 10. h4 Be7 11. Be3 Nc6 12. Nxc6 Bxc6 13. Bd4 O-O 14. Bd3 Nc5 15. Qe2
Rb8 16. b4 Nxd3+ 17. cxd3 e5 18. Be3 d5 19. exd5 Bxd5 20. Ne4 Kh8 21. Rg1 Rc8
22. h5 f5 23. gxf6 gxf6 24. Nc5 Rg8 25. Kd2 Qd6 26. h6 Rg6 27. Rxg6 hxg6 28. f4
exf4 29. Bd4 Kh7 30. Re1 Bf8 31. Qg4 Rd8 32. Rg1 Bf7 33. Bc3 f5 34. Qh4 Be7 35.
Qf2 Qd5 36. Qxf4 Bxc5 0-1

[Event "World Blitz 2025"]
[Site "Doha QAT"]
[Date "2025.12.29"]
[Round "4.32"]
[White "Esipenko, Andrey"]
[Black "Nguyen, Ngoc Truong Son"]
[Result "1-0"]
[WhiteTitle "GM"]
[BlackTitle "GM"]
[WhiteElo "2698"]
[BlackElo "2600"]
[WhiteFideId "24175439"]
[BlackFideId "12401110"]
[EventDate "2025.12.29"]

1. e4 e5 2. Nf3 Nc6 3. Bb5 Nf6 4. d4 exd4 5. O-O a6 6. Ba4 Be7 7. e5 Nd5 8. Nxd4
Nxd4 9. Qxd4 Nb6 10. Bb3 O-O 11. Bf4 c5 12. Qd3 c4 13. Bxc4 Nxc4 14. Qxc4 b5 15.
Qd3 Bb7 16. Nc3 Qc8 17. Qg3 Qc6 18. Rad1 Rfe8 19. Nd5 Bd8 20. Bg5 Bxg5 21. Qxg5
Kh8 22. c3 h6 23. Qg3 a5 24. Rfe1 Re6 25. Nf4 Re7 26. Re3 Rae8 27. Rd6 Qc4 28.
Nh5 g6 29. Nf6 Qxa2 30. h4 Rc8 31. Qf4 Kg7 32. Nh5+ gxh5 33. Qxh6+ 1-0

[Event "World Blitz 2025"]
[Site "Doha QAT"]
[Date "2025.12.29"]
[Round "4.33"]
[White "Gholami Orimi, Mahdi"]
[Black "Jobava, Baadur"]
[Result "0-1"]
[WhiteTitle "GM"]
[BlackTitle "GM"]
[WhiteElo "2515"]
[BlackElo "2568"]
[WhiteFideId "12558486"]
[BlackFideId "13601520"]
[EventDate "2025.12.29"]

1. d4 d5 2. c4 dxc4 3. Nf3 Nf6 4. e3 Bg4 5. Bxc4 e6 6. Nc3 Nc6 7. h3 Bh5 8. Bb5
Be7 9. g4 Bg6 10. Ne5 O-O 11. Bxc6 bxc6 12. h4 h5 13. Nxg6 fxg6 14. g5 Nd5 15.
Qd3 Kh7 16. Bd2 Rb8 17. b3 Nb4 18. Qe4 c5 19. O-O cxd4 20. exd4 c5 21. Ne2 e5
22. Bxb4 Rxb4 23. a3 Rxb3 24. dxe5 Rbf3 25. Kg2 Bxg5 26. Qxf3 Rxf3 27. Kxf3 Qd5+
28. Kg3 Qxe5+ 29. Kg2 Qe4+ 30. Kg1 Bxh4 31. Ra2 Qg4+ 32. Kh2 Bf6 33. Rc2 Qf5 34.
Ra2 c4 35. Rc1 Qxf2+ 36. Kh1 c3 37. Rac2 Be5 0-1

[Event "World Blitz 2025"]
[Site "Doha QAT"]
[Date "2025.12.29"]
[Round "4.34"]
[White "Sadhwani, Raunak"]
[Black "Alexakis, Dimitris"]
[Result "1-0"]
[WhiteTitle "GM"]
[BlackTitle "GM"]
[WhiteElo "2638"]
[BlackElo "2544"]
[WhiteFideId "35093487"]
[BlackFideId "4277023"]
[EventDate "2025.12.29"]

1. e4 c5 2. Nc3 e6 3. g3 d5 4. Bg2 d4 5. Nce2 d3 6. cxd3 Nc6 7. Nf3 e5 8. O-O
Qxd3 9. Ne1 Qd8 10. d3 Nf6 11. h3 Be7 12. f4 O-O 13. Nf3 exf4 14. Nxf4 Bd6 15.
Be3 Nd7 16. Rc1 b6 17. d4 Nxd4 18. Bxd4 cxd4 19. e5 Bc5 20. e6 Nf6 21. exf7+ Kh8
22. Ne5 Ba6 23. Rf2 Qd6 24. Bxa8 Qxe5 25. b4 Bxb4 26. Qa4 Be1 27. Rf3 Bxg3 28.
Qxa6 Bxf4 29. Rc8 Be3+ 30. Kg2 Qe7 31. Qc4 Nd7 32. Rxf8+ Nxf8 33. Qd5 g6 34. Bb7
Kg7 35. Ba6 h5 36. Bd3 b5 37. Qxb5 Qd6 38. Qe8 Qa3 39. Qe5+ Kh7 40. Bxg6+ Kxg6
41. Rg3+ Kh6 42. Qg7# 1-0

[Event "World Blitz 2025"]
[Site "Doha QAT"]
[Date "2025.12.29"]
[Round "4.35"]
[White "Radjabov, Teimour"]
[Black "Rakhmanov, Aleksandr"]
[Result "1-0"]
[WhiteTitle "GM"]
[BlackTitle "GM"]
[WhiteElo "2692"]
[BlackElo "2585"]
[WhiteFideId "13400924"]
[BlackFideId "4173708"]
[EventDate "2025.12.29"]

1. d4 Nf6 2. Bg5 Ne4 3. Be3 d5 4. Nd2 Nxd2 5. Qxd2 c6 6. Nf3 Bf5 7. g3 Nd7 8.
Bg2 e6 9. Nh4 Bg6 10. O-O Be7 11. Nxg6 hxg6 12. c4 dxc4 13. Rfc1 Nb6 14. Qc2 O-O
15. a4 a5 16. Rd1 Bb4 17. h4 Qd7 18. Bg5 Be7 19. Bf4 Nd5 20. Bd2 b5 21. Bf3 Rfd8
22. Kg2 Bb4 23. e4 Nb6 24. Bg5 Be7 25. axb5 cxb5 26. Be3 Qc7 27. h5 gxh5 28.
Bxh5 b4 29. Rh1 c3 30. e5 f5 31. Rh3 Nd5 32. Rah1 Nxe3+ 33. fxe3 Bg5 34. g4 Qb7+
35. Kf2 Qe4 36. Qxe4 fxe4 37. Bg6 Kf8 38. bxc3 bxc3 39. Bxe4 Rab8 40. Ke2 Rb2+
41. Kd3 Ke7 42. Rh7 Rg8 43. Kxc3 Ra2 44. Rb1 Bxe3 45. Rb7+ Kf8 46. Bg6 Ra3+ 47.
Kc2 Bxd4 48. Rf7+ Ke8 49. Rfxg7+ Kf8 50. Rf7+ Ke8 51. Rb7+ 1-0

[Event "World Blitz 2025"]
[Site "Doha QAT"]
[Date "2025.12.29"]
[Round "4.36"]
[White "Yilmaz, Mustafa"]
[Black "Rapport, Richard"]
[Result "1-0"]
[WhiteTitle "GM"]
[BlackTitle "GM"]
[WhiteElo "2595"]
[BlackElo "2741"]
[WhiteFideId "6302718"]
[BlackFideId "738590"]
[EventDate "2025.12.29"]

1. d4 Nf6 2. c4 g6 3. Nc3 Bg7 4. e4 d6 5. Be2 O-O 6. Nf3 e5 7. O-O Na6 8. Be3 c6
9. d5 Ng4 10. Bg5 f6 11. Bh4 c5 12. Ne1 Nh6 13. Nc2 b6 14. a3 Bd7 15. b4 Qc8 16.
Rb1 Nf7 17. f3 f5 18. Bf2 f4 19. a4 Bf6 20. Qd2 Qd8 21. Rb2 Bh4 22. Ra1 Bxf2+
23. Kxf2 cxb4 24. Nxb4 Nc5 25. Nc6 Bxc6 26. dxc6 Rc8 27. Qd5 Kg7 28. Rd1 Qe8 29.
Nb5 Rxc6 30. Nxa7 Rc7 31. Nb5 Rd7 32. Ra1 Qd8 33. Kg1 Ng5 34. Qd2 Nge6 35. a5
bxa5 36. Rxa5 Qb6 37. Kf1 Rb8 38. Raa2 Qd8 39. Bd1 Rdb7 40. Ra3 Nd4 41. Be2 Nce6
42. Rba2 Kh6 43. Ra6 Qh4 44. Kg1 Nb3 45. Qc3 Ned4 46. Bf1 Rb6 47. Nxd6 Rxa6 48.
Rxa6 Qe7 49. c5 Qc7 50. Qc4 Nxc5 51. Qf7 Nxa6 52. Qf6 Rb7 53. Qh4+ Kg7 54. Ne8+
Kg8 55. Nxc7 Nxc7 56. Qd8+ Kf7 57. Qd7+ Kf6 58. Qd8+ Kf7 59. Qd7+ Kf6 60. h4
Nce6 61. Qxb7 1-0

[Event "World Blitz 2025"]
[Site "Doha QAT"]
[Date "2025.12.29"]
[Round "4.37"]
[White "Gukesh, D"]
[Black "Kosakowski, Jakub"]
[Result "1-0"]
[WhiteTitle "GM"]
[BlackTitle "GM"]
[WhiteElo "2754"]
[BlackElo "2549"]
[WhiteFideId "46616543"]
[BlackFideId "1185080"]
[EventDate "2025.12.29"]

1. e4 c5 2. Nf3 d6 3. d4 cxd4 4. Nxd4 Nf6 5. Nc3 a6 6. g3 e5 7. Nf3 Be7 8. a4
O-O 9. Bg2 Be6 10. O-O Nbd7 11. Re1 h6 12. Nh4 Rc8 13. Nf5 Rc6 14. Nd5 Bxf5 15.
exf5 Nxd5 16. Bxd5 Rc7 17. Bg2 Qc8 18. c3 Nf6 19. Qd3 Re8 20. Be3 d5 21. Bxd5
Bc5 22. Bxc5 Rxc5 23. Be4 Rd8 24. Qf3 Rd2 25. Bxb7 Qc7 26. Rab1 h5 27. Red1
Rxd1+ 28. Rxd1 Kh7 29. Bxa6 e4 30. Qf4 Qc6 31. Bb5 Qb6 32. h3 Rc7 33. Qd6 Qa7
34. Rd4 Re7 35. Qf4 Qc5 36. Be2 e3 37. fxe3 Nd5 38. Qg5 Nxe3 39. Qxh5+ 1-0

[Event "World Blitz 2025"]
[Site "Doha QAT"]
[Date "2025.12.29"]
[Round "4.38"]
[White "Kozak, Adam"]
[Black "Narayanan, S.L."]
[Result "0-1"]
[WhiteTitle "GM"]
[BlackTitle "GM"]
[WhiteElo "2546"]
[BlackElo "2616"]
[WhiteFideId "753246"]
[BlackFideId "5058422"]
[EventDate "2025.12.29"]

1. Nf3 c5 2. b3 d5 3. e3 Nf6 4. Bb2 Bf5 5. Bb5+ Nbd7 6. O-O a6 7. Be2 e6 8. Nh4
Bd6 9. d3 h5 10. h3 Qc7 11. Nd2 Bh2+ 12. Kh1 Be5 13. d4 cxd4 14. Nxf5 exf5 15.
exd4 Bf4 16. c4 g6 17. Ba3 Bd6 18. c5 Bf4 19. Bd3 Qa5 20. Re1+ Kd8 21. Bc1 Qc3
22. Nb1 Qxa1 23. Bxf4 Qxd4 24. Be3 Qh4 25. Qd2 Re8 26. Rf1 Rxe3 27. Qxe3 d4 28.
Qd2 Ke7 29. b4 Kf8 30. Qh6+ Kg8 31. Nd2 Ne5 32. Bc2 Nd5 33. Bb3 Ng4 34. Nf3 0-1

[Event "World Blitz 2025"]
[Site "Doha QAT"]
[Date "2025.12.29"]
[Round "4.39"]
[White "Madaminov, Mukhiddin"]
[Black "Amar, Elham"]
[Result "1-0"]
[WhiteTitle "GM"]
[BlackTitle "GM"]
[WhiteElo "2552"]
[BlackElo "2592"]
[WhiteFideId "14210703"]
[BlackFideId "1533533"]
[EventDate "2025.12.29"]

1. e4 c6 2. Nf3 d5 3. d3 g6 4. Nbd2 Bg7 5. g3 e5 6. Bg2 Ne7 7. O-O O-O 8. a4 a5
9. Re1 d4 10. Nc4 b5 11. Ncd2 Nd7 12. b3 bxa4 13. Rxa4 Nb6 14. Ra1 a4 15. Ba3
axb3 16. cxb3 f6 17. Qc2 Be6 18. Bc5 Rb8 19. Ra6 Re8 20. Rea1 Nec8 21. h4 h5 22.
Nc4 Nxc4 23. bxc4 Qd7 24. Qa4 Ne7 25. Nd2 Bf8 26. Nb3 Rec8 27. Qa3 Qb7 28. Nxd4
exd4 29. Ra7 Qb2 30. Bxe7 Bg7 31. Bc5 Qc2 32. Bxd4 Bf8 33. Qc3 Qxc3 34. Bxc3 Rb3
35. Bxf6 Rxd3 36. e5 Rd4 37. Rc1 Rxc4 38. Rb1 Rd4 39. Rbb7 c5 40. Rc7 Rxc7 41.
Rxc7 c4 42. Rc6 Kf7 43. Rc7+ Kg8 44. Bf3 Bf7 45. Kg2 Be6 46. Kg1 Bf7 47. e6 Rd6
48. exf7+ Kh7 49. Be5 Re6 50. Bf4 Rf6 51. Rxc4 Rxf7 52. Kg2 1-0